000
00232nam a22001217a 4500
003
SGT
082
_a
342.0954
_b
GOI
100
_a
GOI
245
_a
BHARAT KA SAMVIDHAN
260
_a
NEW DELHI
_b
GOI
300
_a
262
942
_2
ddc
_c
BK
999
_c
24229
_d
24229